[Event "DEN-chT 0607"]
[Site "Denmark"]
[Date "2007.03.25"]
[Round "9.8"]
[White "Christiansen, Jens Jorgen"]
[Black "Aabling Thomsen, Jakob"]
[Result "1-0"]
[WhiteElo "2097"]
[BlackElo "2235"]
[PlyCount "89"]
[EventDate "2006.11.04"]
[EventType "team"]
[EventRounds "9"]
[EventCountry "DEN"]
[Source "ChessBase"]
[SourceDate "2007.02.01"]
[WhiteTeam "Norresundby"]
[BlackTeam "Bronshoj"]
[WhiteTeamCountry "DEN"]
[BlackTeamCountry "DEN"]

1. d4 g6 2. e4 Bg7 3. c3 d6 4. f4 Nd7 5. Nf3 c5 6. e5 cxd4 7. exd6 dxc3 8. Nxc3
Ngf6 9. dxe7 Qxe7+ 10. Qe2 Qxe2+ 11. Bxe2 O-O 12. Be3 a6 13. O-O b5 14. a3 Bb7
15. Bd4 Rfe8 16. Rad1 Rac8 17. Ne5 Nc5 18. Bf3 Bxf3 19. Nxf3 Ng4 20. Nd5 Re2
21. Ne5 Bxe5 22. fxe5 Kg7 23. e6+ f6 24. Nxf6 Nxf6 25. Rxf6 Nb3 26. Rf7+ Kh6
27. Bg7+ Kh5 28. Bc3 h6 29. e7 Rc6 30. Rd5+ g5 31. Re5 Re6 32. Rxe2 Rxe2 33.
Bb4 a5 34. Bd6 Nc1 35. h3 b4 36. axb4 g4 37. Rf5+ Kh4 38. Re5 Rxb2 39. e8=Q Nd3
40. Be7+ Kg3 41. Re3+ Kf4 42. Rxd3 Rb1+ 43. Kh2 g3+ 44. Rxg3 axb4 45. Rf3+ 1-0